000 00458nam a2200169Ia 4500
005 20250423100446.0
008 250422s9999 xx 000 0 und d
020 _a978-0-912301-71-6 / 0-912301-71-6
050 _aHG 4928.5 .W348/
100 _aWalker, Robert (Robert Mark)
245 0 _aPass the 7 : a training guide for the NASD Series 7 exam
260 _aPortland, Or.
260 _bFirst Books
260 _c2007
300 _a516 p
942 _cBK
999 _c33367
_d33367